[Event "Bratto op-A 28th"]
[Site "Bratto"]
[Date "2008.08.30"]
[Round "9"]
[White "Ricci, Alfredo"]
[Black "Bassis, Ivano"]
[Result "1-0"]
[WhiteElo "2069"]
[BlackElo "2021"]
[PlyCount "37"]
[EventDate "2008.08.22"]
[EventType "swiss"]
[EventRounds "9"]
[EventCountry "ITA"]
[SourceTitle "EXT 2010"]
[Source "ChessBase"]
[SourceDate "2010.11.25"]
[SourceVersion "1"]
[SourceVersionDate "2010.11.25"]
[SourceQuality "1"]

1. e4 d5 2. exd5 Qxd5 3. Nf3 Nf6 4. Nc3 Qa5 5. Be2 g6 6. 0-0 Bg7 7. Re1 c6 8. Bf1 Bg4 9. h3 Bxf3 10. Qxf3 e6 11. a3 0-0 12. b4 Qc7 13. Bb2 Nbd7 14. Rad1 Rad8 15. Ne4 Nxe4 16. Bxg7 Kxg7 17. Qxe4 Nf6 18. Qf3 Kg8 19. Qxf6 1-0

[Event "Bratto op-A 27th"]
[Site "Bratto"]
[Date "2007.08.31"]
[Round "9"]
[White "Tramalloni, Luca"]
[Black "Bassis, Ivano"]
[Result "1/2-1/2"]
[WhiteElo "2111"]
[BlackElo "2026"]
[PlyCount "116"]
[EventDate "2007.08.23"]
[EventType "swiss"]
[EventRounds "9"]
[EventCountry "ITA"]
[SourceTitle "CBM 120 Extra"]
[Source "ChessBase"]
[SourceDate "2007.11.01"]
[SourceVersion "1"]
[SourceVersionDate "2007.11.01"]
[SourceQuality "1"]

1. d4 d5 2. c4 dxc4 3. Nf3 Nf6 4. e3 e6 5. Bxc4 c5 6. Qe2 a6 7. dxc5 Bxc5 8. 0-0 b5 9. Bd3 Nc6 10. Rd1 Qc7 11. a4 b4 12. Nbd2 0-0 13. Nb3 Bd6 14. h3 Bb7 15. e4 Ne5 16. Nxe5 Bxe5 17. g3 Rfd8 18. f4 Bd4+ 19. Nxd4 Rxd4 20. Be3 Rd7 21. Rac1 Qd8 22. e5 Nd5 23. Bc5 Rc8 24. Bd6 Qb6+ 25. Kh2 Rdd8 26. Be4 Qa5 27. Bxd5 Bxd5 28. Qd2 Qb6 29. Be7 Re8 30. Bxb4 Bb3 31. Rxc8 Rxc8 32. Ba5 Qc5 33. Qd8+ Qf8 34. Qxf8+ Kxf8 35. Rd8+ Rxd8 36. Bxd8 Bxa4 37. Kg1 Ke8 38. Ba5 Kd7 39. Kf2 Kc6 40. Ke3 Kb5 41. Bc3 Kc4 42. Ba5 Kb3 43. Bc3 Kc2 44. h4 Kd1 45. g4 Bb3 46. h5 Kc1 47. Kf3 Bd1+ 48. Kg3 Kc2 49. Kh4 Kd3 50. f5 Ke4 51. fxe6 fxe6 52. Kg3 g6 53. h6 Be2 54. Kh4 Kf4 55. g5 Bd1 56. Bd4 a5 57. Bc3 a4 58. Bd4 Be2 1/2-1/2

[Event "Bergamo op 19th"]
[Site "Bergamo"]
[Date "2007.01.14"]
[Round "3"]
[White "Cammarota, Vittorio"]
[Black "Bassis, Ivano"]
[Result "1-0"]
[WhiteElo "1895"]
[BlackElo "2034"]
[PlyCount "53"]
[EventDate "2007.01.13"]
[EventType "swiss"]
[EventRounds "6"]
[EventCountry "ITA"]
[SourceTitle "EXT 2009"]
[Source "ChessBase"]
[SourceDate "2008.11.26"]
[SourceVersion "1"]
[SourceVersionDate "2008.11.26"]
[SourceQuality "1"]

1. Nf3 Nf6 2. d4 c5 3. e3 d5 4. Nbd2 e6 5. b3 cxd4 6. exd4 Nc6 7. Bd3 Bd6 8. a3 0-0 9. Bb2 b6 10. 0-0 Bb7 11. Qe2 Qe7 12. Ne5 Rfe8 13. f4 Nd7 14. Qh5 Nf8 15. f5 Nxe5 16. dxe5 Bc5+ 17. Kh1 exf5 18. Qxf5 Qe6 19. Qg5 Be7 20. Qg3 Ng6 21. Bf5 Qc6 22. Nf3 Bc8 23. Nd4 Qb7 24. e6 fxe6 25. Bxg6 hxg6 26. Qxg6 Bf8 27. Qxe8 1-0

[Event "Bergamo Province-ch"]
[Site "Bergamo"]
[Date "2006.11.03"]
[Round "5"]
[White "Bassis, Ivano"]
[Black "Ranfagni, Stefano"]
[Result "1/2-1/2"]
[WhiteElo "2023"]
[BlackElo "2037"]
[PlyCount "140"]
[EventDate "2006.10.06"]
[EventType "swiss"]
[EventRounds "9"]
[EventCountry "ITA"]
[SourceTitle "EXT 2011"]
[Source "ChessBase"]
[SourceDate "2010.11.26"]
[SourceVersion "1"]
[SourceVersionDate "2010.11.26"]
[SourceQuality "1"]

1. e4 e6 2. Qe2 c5 3. d3 Nc6 4. Nf3 d6 5. g3 g6 6. Bg2 Bg7 7. 0-0 Nge7 8. c3 0-0 9. Re1 e5 10. a3 a5 11. a4 f5 12. Bg5 h6 13. Bxe7 Qxe7 14. exf5 Bxf5 15. Nh4 Kh7 16. Nxf5 gxf5 17. Nd2 Rae8 18. Nc4 Qc7 19. Ne3 f4 20. Nd5 Qf7 21. Be4+ Kh8 22. Qg4 fxg3 23. fxg3 Qe6 24. Qh5 Rd8 25. Rf1 Rxf1+ 26. Rxf1 Rf8 27. Rxf8+ Bxf8 28. Qf3 Bg7 29. Qf5 Qxf5 30. Bxf5 Bf8 31. Bc8 Ne7 32. Nxe7 Bxe7 33. Bxb7 Kg7 34. Kf2 Bg5 35. Kf3 Kf6 36. Ke4 Ke6 37. Bc8+ Ke7 38. Kf5 Bc1 39. b3 Bd2 40. c4 Kf7 41. g4 Bg5 42. Bb7 Ke7 43. Bd5 Bh4 44. Kg6 Bg5 45. h4 Bxh4 46. Kxh6 Kf6 47. Kh5 Bg5 48. Be4 Be3 49. Kh4 Bd2 50. Kg3 Kg5 51. Kf3 Kf6 52. Bf5 Ke7 53. Ke4 Bg5 54. Kd5 Bd2 55. Kc6 Bg5 56. Kb6 Bd2 57. g5 Bb4 58. g6 Kf6 59. Kc7 Ke7 60. g7 Kf7 61. Kxd6 Kxg7 62. Kxe5 Kf7 63. Kd5 Ke7 64. d4 cxd4 65. c5 Kd8 66. Kxd4 Kc7 67. Kd5 Be1 68. c6 Bd2 69. Kc5 Bb4+ 70. Kb5 Be1 1/2-1/2

[Event "Bergamo Province-ch"]
[Site "Bergamo"]
[Date "2006.10.27"]
[Round "4"]
[White "Bassis, Ivano"]
[Black "Nasoni, Paolo"]
[Result "1-0"]
[WhiteElo "2023"]
[BlackElo "1901"]
[PlyCount "89"]
[EventDate "2006.10.06"]
[EventType "swiss"]
[EventRounds "9"]
[EventCountry "ITA"]
[SourceTitle "EXT 2011"]
[Source "ChessBase"]
[SourceDate "2010.11.26"]
[SourceVersion "1"]
[SourceVersionDate "2010.11.26"]
[SourceQuality "1"]

1. e4 e5 2. Nf3 Nc6 3. Bb5 Nf6 4. Bxc6 dxc6 5. 0-0 Bd6 6. d4 Bg4 7. h3 Bxf3 8. Qxf3 Qe7 9. dxe5 Bxe5 10. Nc3 0-0 11. Re1 Qe6 12. Bf4 Rad8 13. Bxe5 Qxe5 14. Qe3 Rfe8 15. Rad1 b6 16. Rd3 Rxd3 17. Qxd3 h6 18. f3 Re6 19. Rd1 Qc5+ 20. Qd4 Qxd4+ 21. Rxd4 Rd6 22. Rd1 Kf8 23. Kf2 Nd7 24. Ke3 Ke7 25. Rd4 Rg6 26. g4 Rd6 27. f4 Rxd4 28. Kxd4 Nc5 29. f5 f6 30. e5 fxe5+ 31. Kxe5 Nd7+ 32. Kf4 b5 33. Ne4 Nb6 34. Nc5 Nd5+ 35. Ke5 a5 36. Ne6 Ne3 37. Nxg7 Nxc2 38. f6+ Kf7 39. Ne6 Nb4 40. Nd8+ Kf8 41. Kf5 Nd5 42. Nxc6 a4 43. Ke5 Ne3 44. Ke6 Nc4 45. Ne5 1-0

[Event "Bergamo Province-ch"]
[Site "Bergamo"]
[Date "2006.10.13"]
[Round "2"]
[White "Bassis, Ivano"]
[Black "Mazzotti, Federico"]
[Result "1-0"]
[WhiteElo "2023"]
[BlackElo "1786"]
[PlyCount "45"]
[EventDate "2006.10.06"]
[EventType "swiss"]
[EventRounds "9"]
[EventCountry "ITA"]
[SourceTitle "EXT 2011"]
[Source "ChessBase"]
[SourceDate "2010.11.26"]
[SourceVersion "1"]
[SourceVersionDate "2010.11.26"]
[SourceQuality "1"]

1. e4 c5 2. c3 d5 3. exd5 Qxd5 4. d4 cxd4 5. cxd4 Nc6 6. Nf3 Bg4 7. Be2 e6 8. 0-0 Nf6 9. Nc3 Qd7 10. a3 Be7 11. Be3 0-0 12. Qa4 Nd5 13. Nxd5 Qxd5 14. h3 Bh5 15. Rac1 e5 16. Bc4 Qd7 17. d5 Bxf3 18. gxf3 Nb8 19. Qxd7 Nxd7 20. b4 a6 21. d6 Bd8 22. Bd5 a5 23. Bxb7 1-0

[Event "Bratto Gorgonzola op-B"]
[Site "Bratto"]
[Date "2006.08.27"]
[Round "8"]
[White "Bassis, Ivano"]
[Black "Bolognesi, Alberto"]
[Result "1-0"]
[WhiteElo "1820"]
[BlackElo "1900"]
[PlyCount "33"]
[EventDate "2006.08.20"]
[EventType "swiss"]
[EventRounds "8"]
[EventCountry "ITA"]
[SourceTitle "EXT 2008"]
[Source "ChessBase"]
[SourceDate "2007.11.25"]
[SourceVersion "1"]
[SourceVersionDate "2007.11.25"]
[SourceQuality "1"]

1. e4 e5 2. Nf3 Nf6 3. d4 Nxe4 4. Bd3 d5 5. Nxe5 Bd6 6. 0-0 0-0 7. c4 Qh4 8. Nf3 Qh5 9. c5 Be7 10. Bf4 Bd8 11. Nbd2 Bf5 12. Qc2 Nxd2 13. Qxd2 Nc6 14. Rfe1 Rc8 15. Ne5 Nxd4 16. Bxf5 f6 17. Bg4 1-0

[Event "Bratto Gorgonzola op-B"]
[Site "Bratto"]
[Date "2006.08.24"]
[Round "5"]
[White "Bassis, Ivano"]
[Black "Nardone, Massimo"]
[Result "0-1"]
[WhiteElo "1820"]
[BlackElo "1902"]
[PlyCount "114"]
[EventDate "2006.08.20"]
[EventType "swiss"]
[EventRounds "8"]
[EventCountry "ITA"]
[SourceTitle "EXT 2008"]
[Source "ChessBase"]
[SourceDate "2007.11.25"]
[SourceVersion "1"]
[SourceVersionDate "2007.11.25"]
[SourceQuality "1"]

1. e4 e5 2. Nf3 Nf6 3. d4 Nxe4 4. Bd3 d5 5. Nxe5 Bd6 6. 0-0 0-0 7. c4 c6 8. Nc3 Nxc3 9. bxc3 dxc4 10. Nxc4 Be7 11. Bf4 Nd7 12. Re1 Nf6 13. Ne3 Re8 14. Bc2 Nd5 15. Qd3 g6 16. Nxd5 Qxd5 17. Re5 Qd8 18. Rae1 Be6 19. Bb3 Bd6 20. Bg5 Qd7 21. Rxe6 Rxe6 22. Bxe6 fxe6 23. Qe3 Re8 24. c4 Bb4 25. Re2 b5 26. Qb3 a5 27. Be3 Bf8 28. Rd2 bxc4 29. Qxc4 Bg7 30. Kf1 Qd5 31. Qxd5 cxd5 32. Ke2 Rb8 33. Kd3 Kf7 34. Kc3 Rc8+ 35. Kb3 Rc4 36. Rc2 Rb4+ 37. Kc3 Rc4+ 38. Kd3 Rxc2 39. Kxc2 Bf6 40. Kb3 Bd8 41. Ka4 Kf6 42. Kb5 e5 43. Kc5 Ke6 44. dxe5 Kxe5 45. Bd4+ Ke6 46. a4 Be7+ 47. Kb5 Bb4 48. g4 Bd2 49. Bb6 Kd6 50. Bxa5 Bxa5 51. Kxa5 Kc5 52. Ka6 d4 53. Kb7 d3 54. a5 d2 55. a6 d1Q 56. a7 Qd7+ 57. Ka6 Qb5# 0-1

[Event "Bratto Gorgonzola op-B"]
[Site "Bratto"]
[Date "2006.08.22"]
[Round "3"]
[White "Regorda, Vittorio"]
[Black "Bassis, Ivano"]
[Result "0-1"]
[WhiteElo "1949"]
[BlackElo "1820"]
[PlyCount "120"]
[EventDate "2006.08.20"]
[EventType "swiss"]
[EventRounds "8"]
[EventCountry "ITA"]
[SourceTitle "EXT 2008"]
[Source "ChessBase"]
[SourceDate "2007.11.25"]
[SourceVersion "1"]
[SourceVersionDate "2007.11.25"]
[SourceQuality "1"]

1. c4 Nf6 2. Nc3 e5 3. e4 Bc5 4. h3 Nc6 5. g3 d6 6. Bg2 Be6 7. d3 h6 8. Nge2 Qd7 9. Kf1 a6 10. Qa4 0-0 11. Nd5 Qd8 12. Be3 Bxe3 13. Nxe3 Bd7 14. Qd1 Ne7 15. Kg1 c6 16. Kh2 b5 17. Rf1 Qb6 18. Qd2 c5 19. f4 Bc6 20. Nd5 Nexd5 21. exd5 Bb7 22. fxe5 dxe5 23. Nc3 Ne8 24. Be4 Nd6 25. b3 f5 26. Bg2 Qc7 27. Rae1 Rae8 28. Qf2 g5 29. Qf3 Qg7 30. Qe3 Qc7 31. Qe2 Re7 32. g4 f4 33. Ne4 Nxe4 34. Qxe4 Qd6 35. Bf3 Rff7 36. Qe2 Bc8 37. Be4 b4 38. Qf3 a5 39. Re2 Ra7 40. Rff2 a4 41. Qg2 axb3 42. axb3 Ra3 43. Rb2 Kg7 44. Qf3 Rfa7 45. Qe2 Ra1 46. Bf3 R7a3 47. Qe4 Bd7 48. Rfe2 Rc1 49. Qxe5+ Qxe5 50. Rxe5 Kf6 51. Ree2 Rc3 52. Be4 Rcxb3 53. Rbd2 Rc3 54. Bh7 Ra1 55. Be4 b3 56. Bf3 Rac1 57. Rf2 R3c2 58. Be4 Rxd2 59. Rxd2 Rc2 60. Rg2 f3 0-1

[Event "Bergamo Province-ch"]
[Site "Bergamo"]
[Date "2005.10.21"]
[Round "3"]
[White "Bassis, Ivano"]
[Black "Tentori, Giulio"]
[Result "0-1"]
[WhiteElo "1886"]
[BlackElo "1748"]
[PlyCount "54"]
[EventDate "2005.10.07"]
[EventType "swiss"]
[EventRounds "8"]
[EventCountry "ITA"]
[SourceTitle "EXT 2023"]
[Source "ChessBase"]
[SourceDate "2022.10.05"]
[SourceVersion "1"]
[SourceVersionDate "2022.10.05"]
[SourceQuality "1"]

1. e4 e5 2. Nf3 Nc6 3. Bb5 f5 4. d3 d6 5. 0-0 Nf6 6. Qe2 Be7 7. Nc3 0-0 8. Bc4+ Kh8 9. Ng5 Nd4 10. Qd1 f4 11. Nf7+ Rxf7 12. Bxf7 Qf8 13. Bb3 c6 14. f3 g5 15. Ne2 Nxb3 16. axb3 g4 17. Kh1 Qg7 18. Ng1 Nh5 19. fxg4 Bxg4 20. Nf3 Qg6 21. Qe1 Rg8 22. Qf2 Bxf3 23. gxf3 Bh4 24. Qe2 Ng3+ 25. hxg3 Bxg3 26. Rf2 Qh5+ 27. Rh2 Bxh2 0-1

[Event "Bergamo Province-ch"]
[Site "Bergamo"]
[Date "2004.11.19"]
[Round "7"]
[White "Bassis, Ivano"]
[Black "Gazzetta, Marco"]
[Result "1-0"]
[WhiteElo "1841"]
[BlackElo "1631"]
[PlyCount "119"]
[EventDate "2004.10.08"]
[EventType "swiss"]
[EventRounds "8"]
[EventCountry "ITA"]
[SourceTitle "EXT 2023"]
[Source "ChessBase"]
[SourceDate "2022.10.05"]
[SourceVersion "1"]
[SourceVersionDate "2022.10.05"]
[SourceQuality "1"]

1. e4 c5 2. Nf3 Nc6 3. Bb5 e6 4. 0-0 Nge7 5. c3 a6 6. Ba4 b5 7. Bc2 d5 8. d4 cxd4 9. Nxd4 Bb7 10. Bg5 Nxd4 11. Bxe7 Qxe7 12. Qxd4 dxe4 13. Bxe4 Rd8 14. Qe3 Bxe4 15. Qxe4 Qd6 16. Na3 Be7 17. Nc2 0-0 18. Ne3 Qb6 19. Rad1 Bc5 20. Rxd8 Rxd8 21. Rd1 Rxd1+ 22. Nxd1 Qd8 23. Qe2 Qd5 24. b3 Bb6 25. Nb2 Qc5 26. c4 bxc4 27. Nxc4 Qd4 28. Nxb6 Qxb6 29. Qc2 g6 30. Kf1 Qb5+ 31. Qe2 Qc6 32. Qd2 e5 33. f3 e4 34. Qd8+ Kg7 35. Qd4+ Qf6 36. Qxe4 Qa1+ 37. Qe1 Qxa2 38. Qc3+ Kf8 39. b4 h5 40. Qc5+ Kg8 41. Qa5 Qc4+ 42. Kf2 Qc3 43. Qxa6 Qxb4 44. Qf6 Qd2+ 45. Kg3 h4+ 46. Qxh4 Qe1+ 47. Kh3 Qe6+ 48. Qg4 Qd5 49. f4 Kg7 50. Kh4 Qd6 51. g3 Qf8 52. Kh3 Qh8+ 53. Qh4 Qxh4+ 54. Kxh4 Kh6 55. g4 f5 56. gxf5 gxf5 57. Kg3 Kg6 58. Kf3 Kh6 59. Ke3 Kg6 60. Kd4 1-0

[Event "Bergamo Province-ch"]
[Site "Bergamo"]
[Date "2003.11.07"]
[Round "5"]
[White "Stefanelli, Alfredo"]
[Black "Bassis, Ivano"]
[Result "1/2-1/2"]
[WhiteElo "1663"]
[BlackElo "1747"]
[PlyCount "66"]
[EventDate "2003.10.10"]
[EventType "swiss"]
[EventRounds "8"]
[EventCountry "ITA"]
[SourceTitle "EXT 2023"]
[Source "ChessBase"]
[SourceDate "2022.10.05"]
[SourceVersion "1"]
[SourceVersionDate "2022.10.05"]
[SourceQuality "1"]

1. b3 e5 2. Bb2 Nc6 3. e3 Nf6 4. Bb5 d6 5. d4 exd4 6. Bxd4 Bd7 7. Bb2 g6 8. Nc3 Bg7 9. Rb1 0-0 10. Nge2 a6 11. Bd3 Ne5 12. h3 Be6 13. 0-0 Qe7 14. Nd4 Bd7 15. Be2 c5 16. Nf3 Bc6 17. a4 Rad8 18. Qe1 Nxf3+ 19. Bxf3 Bxf3 20. gxf3 d5 21. Ne2 Qd7 22. Kh2 Qf5 23. f4 Qxc2 24. Ng3 Ne4 25. Bxg7 Kxg7 26. Nxe4 dxe4 27. Rc1 Qxb3 28. Rxc5 Rd3 29. Qa1+ Kg8 30. Rb1 Qa3 31. Qxa3 Rxa3 32. Rxb7 Rxa4 33. Ra7 Kg7 1/2-1/2

[Event "Bergamo Province-ch"]
[Site "Bergamo"]
[Date "2003.10.31"]
[Round "4"]
[White "Bassis, Ivano"]
[Black "Di Mauro, Valerio"]
[Result "1-0"]
[WhiteElo "1747"]
[BlackElo "1494"]
[PlyCount "41"]
[EventDate "2003.10.10"]
[EventType "swiss"]
[EventRounds "8"]
[EventCountry "ITA"]
[SourceTitle "EXT 2023"]
[Source "ChessBase"]
[SourceDate "2022.10.05"]
[SourceVersion "1"]
[SourceVersionDate "2022.10.05"]
[SourceQuality "1"]

1. e4 e5 2. Nf3 Nf6 3. d4 Nxe4 4. Bd3 d5 5. Nxe5 Bd6 6. 0-0 Nd7 7. Re1 Ndf6 8. f3 Bf5 9. fxe4 dxe4 10. Nc3 Bxe5 11. dxe5 Qd4+ 12. Be3 Qxe5 13. Bb5+ c6 14. Bd4 Qf4 15. Bxf6 gxf6 16. Bc4 Rg8 17. Qe2 0-0-0 18. Nxe4 Rde8 19. Rf1 Qxe4 20. Qxe4 Rxe4 21. Bd3 1-0

[Event "Bergamo Province-ch"]
[Site "Bergamo"]
[Date "2003.10.24"]
[Round "3"]
[White "Omacini, Mario"]
[Black "Bassis, Ivano"]
[Result "0-1"]
[WhiteElo "1374"]
[BlackElo "1747"]
[PlyCount "53"]
[EventDate "2003.10.10"]
[EventType "swiss"]
[EventRounds "8"]
[EventCountry "ITA"]
[SourceTitle "EXT 2023"]
[Source "ChessBase"]
[SourceDate "2022.10.05"]
[SourceVersion "1"]
[SourceVersionDate "2022.10.05"]
[SourceQuality "1"]

1. c4 Nf6 2. Nc3 e5 3. e4 Bc5 4. Nf3 Ng4 5. d4 exd4 6. Nxd4 Nxf2 7. Kxf2 Qf6+ 8. Ke3 Nc6 9. Nce2 Ne5 10. Nf4 Ng4+ 11. Kf3 Bxd4 12. Kxg4 d6+ 13. Kf3 g5 14. g3 gxf4 15. Bxf4 Rg8 16. Qd2 Bxb2 17. Rb1 Bd4 18. Rb4 Bc3 19. Qc2 Bxb4 20. Qa4+ Bd7 21. Qxb4 0-0-0 22. Bd3 Qd4 23. Qa3 f5 24. Be3 fxe4+ 25. Ke2 Qxd3+ 26. Qxd3 exd3+ 27. Kxd3 0-1

[Event "Bergamo Province-ch"]
[Site "Bergamo"]
[Date "2001.10.02"]
[Round "2"]
[White "Bassis, Ivano"]
[Black "Fiorona, Gianpietro"]
[Result "1-0"]
[WhiteElo "1642"]
[BlackElo "1528"]
[PlyCount "53"]
[EventDate "2001.09.25"]
[EventType "swiss"]
[EventRounds "8"]
[EventCountry "ITA"]
[SourceTitle "EXT 2024"]
[Source "ChessBase"]
[SourceDate "2023.10.10"]
[SourceVersion "1"]
[SourceVersionDate "2023.10.10"]
[SourceQuality "1"]

1. e4 b6 2. d4 Bb7 3. Nc3 g6 4. g3 Bg7 5. Bg2 e6 6. Nf3 Ne7 7. 0-0 0-0 8. Bf4 d6 9. Re1 Nd7 10. Qd2 Re8 11. Rad1 a6 12. a4 e5 13. dxe5 Nxe5 14. Nxe5 dxe5 15. Bg5 f6 16. Be3 Qxd2 17. Rxd2 f5 18. Red1 Bc6 19. exf5 Bxg2 20. Kxg2 Nxf5 21. Rd7 Nxe3+ 22. fxe3 Bh6 23. Nd5 Bg5 24. Nxc7 Bxe3 25. Nxa8 Rxa8 26. Re7 Bc5 27. Rxe5 1-0

[Event "Bergamo Province-ch"]
[Site "Bergamo"]
[Date "2001.09.25"]
[Round "1"]
[White "Rota, Luca"]
[Black "Bassis, Ivano"]
[Result "1/2-1/2"]
[WhiteElo "1500"]
[BlackElo "1642"]
[PlyCount "91"]
[EventDate "2001.09.25"]
[EventType "swiss"]
[EventRounds "8"]
[EventCountry "ITA"]
[SourceTitle "EXT 2024"]
[Source "ChessBase"]
[SourceDate "2023.10.10"]
[SourceVersion "1"]
[SourceVersionDate "2023.10.10"]
[SourceQuality "1"]

1. e4 d5 2. exd5 Qxd5 3. Nc3 Qa5 4. d4 Nf6 5. Bd2 c6 6. Nf3 Bf5 7. Ne4 Qc7 8. Nxf6+ gxf6 9. Nh4 Bg6 10. Nxg6 hxg6 11. g3 Nd7 12. Bg2 Bg7 13. c3 e6 14. Qb3 0-0 15. 0-0 c5 16. Qc4 Rab8 17. dxc5 b5 18. Qd4 Nxc5 19. Be3 Rbc8 20. Qxc5 Qxc5 21. Bxc5 Rxc5 22. Rad1 Rc7 23. Rd3 f5 24. Rfd1 a5 25. Rd8 b4 26. cxb4 axb4 27. a3 bxa3 28. bxa3 Ra7 29. Rxf8+ Bxf8 30. Ra1 Bxa3 31. Kf1 Kg7 32. Ke2 Kf6 33. Bc6 Rc7 34. Ba4 Bb2 35. Ra2 Bd4 36. Rc2 Ra7 37. Ra2 Kg5 38. Kf3 e5 39. h4+ Kh5 40. Kg2 g5 41. Bd1+ Kg6 42. Rxa7 Bxa7 43. hxg5 Kxg5 44. f4+ exf4 45. gxf4+ Kxf4 46. Kf1 1/2-1/2